Statistics for Geography A-Z #2

Click here to take the quiz!

General Stats

  • This quiz has been taken 31,186 times
  • The average score is 18 of 26

Answer Stats

HintAnswer% Correct
ABook of mapsAtlas
98%
CAsia, Africa, Europe, e.g.Continent
97%
EWhere the Earth's circumference
is at its largest
Equator
93%
J"Land of the Rising Sun"Japan
92%
TLondon riverThames
90%
DLargest city in ColoradoDenver
89%
HOne half of the earthHemisphere
89%
PEarth's northern or southern extremityPole
88%
VLava-spewing mountainVolcano
84%
LSt. Petersburg, formerlyLeningrad
79%
FLong, narrow inlet with steep cliffsFjord
73%
WSwansea is its second largest cityWales
72%
QSouth American capitalQuito
70%
GLarge bay; arm of an ocean or seaGulf
68%
YCanadian territoryYukon
66%
RIsland once home to a "Colossus"Rhodes
66%
NTiny Oceanic island nationNauru
65%
OMost populous Hawaiian islandOahu
65%
KLarge Southern African semi-desertKalahari
61%
ZSemi-autonomous island of TanzaniaZanzibar
57%
SLargest island entirely in IndonesiaSumatra
56%
IPakistan's longest riverIndus
53%
U4th-largest city in the NetherlandsUtrecht
46%
BDzongkha is its national languageBhutan
44%
XCity known for its terracotta warriorsXi'an
43%
MTable-topped hillMesa
38%

Score Distribution

Percentile by Number Answered

Percent of People with Each Score

Your Score History

You have not taken this quiz